| 000 | 00978nam a22002897a 4500 | ||
|---|---|---|---|
| 001 | BR7901171 | ||
| 003 | BR-BrBNA | ||
| 005 | 20230928085940.0 | ||
| 007 | ta | ||
| 008 | 230509b bl.||||| |||| 00| 0 por d | ||
| 040 |
_aBR-BrBNA _bpor _cBiblioteca Nacional de Agricultura |
||
| 041 | _a(Por) | ||
| 072 |
_aE70 _b/G514 |
||
| 090 | _ E70 BR7901171 | ||
| 100 | 1 | _aBezerra, R.N. | |
| 110 | 1 |
_aInstituto Brasileiro de Desenvolvimento Florestal, Brasilia, DF (Brasil). Coordenadoria de Planejamento _95730 |
|
| 245 | 1 | _aAnalise do sistema de comercializacao interna de madeiras e derivados, Pt. 1: Regioes Norte e Nordeste. Subsidios do sub-setor florestal aos estudos perspectivos para o periodo 1979/85 [Brasil] | |
| 260 | 3 |
_aBrasilia, DF (Brasil): _c1978. |
|
| 300 | _a83 p. | ||
| 500 | _a5 illus. | ||
| 650 | _aCOMERCIALIZACAO | ||
| 650 | _aMADEIRA | ||
| 650 | _aREGIAO NORTE | ||
| 650 | _aREGIAO NORDESTE | ||
| 909 |
_a202309 _bLucia _c55 _dLucia Elande |
||
| 942 | _cBK | ||
| 999 |
_c27137 _d27137 |
||